000 01005nam a2200205Ia 4500
008 151119s9999||||xx |||||||||||||| ||und||
082 _a923.5 कलेक्ट/कलेक्ट
082 _bGKKV32055
100 _aकलेक्टिव्ह एनर्जी ध्यास विकासाचा
245 _aकलेक्टिव्ह एनर्जी ध्यास विकासाचा.......
260 _aपुणे
260 _bअमेय प्रकाशन
260 _c2012
300 _a187p.
600 _aकलेक्टिव्ह एनर्जी ध्यास विकासाचा
630 _aकलेक्टिव्ह एनर्जी ध्यास विकासाचा.......
700 _aकलेक्टिव्ह एनर्जी ध्यास विकासाचा
730 _aकलेक्टिव्ह एनर्जी ध्यास विकासाचा.......
942 _cBOOK
999 _c1084364
_d1084361